000 01701nam a2200481 i 4500
001 54507
003 KOSZ 005
005 20201217142015.0
008 080116s2007 pl l |001 0 pol
015 _aUWD 2008/1343
020 _a9788374834285
035 _a991039276859705066
035 _a(PL-WaBN)b20506867-48omnis_nlop
035 _ab20506867
035 _a(OCoLC)832741973
035 _a(PL)b0000002050686
035 _a(EXLNZ-48OMNIS_NETWORK)9910031628305606
040 _aWA N
_cWA N
_dKOSZ 005/HR
046 _k2003
080 _a347.2(438)
245 0 0 _aPrawo rzeczowe /
_cred. Edward Gniewek ; aut. Andrzej Cisek [et al.].
250 _a2. wyd.
260 _aWarszawa :
_bWydawnictwo C. H. Beck :
_bInstytut Nauk Prawnych PAN,
_c2007.
300 _aXXIII, [1], 959 s. ;
_c25 cm.
336 _aTekst
_btxt
_2rdacontent
337 _aBez urządzenia pośredniczącego
_bn
_2rdamedia
338 _aWolumin
_bnc
_2rdacarrier
380 _aKsiążki
388 _a2001-
490 1 _aSystem prawa prywatnego / red. nacz. Zbigniew Radwański ;
_vt. 4
504 _aBibliogr. przy rozdz. Indeks.
650 7 _aPrawo rzeczowe
_2DBN
651 7 _aPolska
_2DBN
658 _aPrawo i wymiar sprawiedliwości
700 1 _aCisek, Andrzej
_d(1952-2010)
_eAutor
700 1 _aGniewek, Edward
_d(1947- )
_eRedakcja
700 1 _aRadwański, Zbigniew
_d(1924-2012)
_eRedakcja
710 2 _aWydawnictwo C.H. Beck
_4pbl
830 0 _aSystem prawa prywatnego
_vt. 4
856 _uhttp://koha.tu.koszalin.pl/cgi-bin/koha/opac-detail.pl?biblionumber=54507
_yKatalog online BPK
942 _2UKD
_cKS
999 _c54507
_d54507